Calculus

Saved in:
Main Author: Apostol, Tom M
Format: Book
Language:Spanish
Published: Barcelona : Reverté, 1995
Edition:2a. ed.
Subjects:
LEADER 01089nam#a2200313#a#4500
001 010939
003 AR-BeUNQ
005 20260305165304.0
008 960425s1995####sp##################spa#d
999 |c 13355  |d 88742 
020 |a 968670812X 
040 |a AR-beUNQ  |e aacr 
099 |a 20-A7 
100 1 |a Apostol, Tom M 
245 0 0 |a Calculus  |c Tom M Apostol. 
250 |a 2a. ed. 
260 |a Barcelona :  |b Reverté,  |c 1995 
505 0 |a v.1 Cálculo con funciones de una variable, con una introducción al álgebra lineal 
594 |b DIPLOMATURA EN CIENCIA Y TECNOLOGÍA  |c ÁLGEBRA Y GEOMETRÍA ANALÍTICA  |d 2007 
594 |b LICENCIATURA EN INFORMÁTICA  |c MATEMATICA III  |d 2016 
594 |b LICENCIATURA EN BIOTECNOLOGÍA  |c ANÁLISIS MATEMÁTICO III  |d 2021 
594 |b INGENIERIA EN ALIMENTOS  |c ANALISIS MATEMATICO I  |d 2023 
650 7 |a CALCULO (MATEMATICAS)  |2 Spines 
650 7 |a ALGEBRA LINEAL  |2 Spines 
650 7 |a CALCULO DIFERENCIAL  |2 Spines 
650 7 |a CALCULO INTEGRAL  |2 Spines 
929 |a COMPRA  |b Ateneo  |c Exp. 151-0318/93  |d 93  |e 1993  |j 13212 
929 |j 13214 
942 |c LIB  |n 0